000 00685nam a22002657a 4500
001 BR9900693
003 BR-BrBNA
005 20230928100113.0
007 ta
008 230509b bl.||||| |||| 00| 0 por d
040 _aBR-BrBNA
_bpor
_cBiblioteca Nacional de Agricultura
041 _a(Por)
072 _aF70
_b2600
090 _ 2600 BR9900693
100 1 _aFerreira, E.L.
245 1 _aCorantes naturais da flora brasileira
260 3 _aMato Grosso, MT (Brasil):
_c1997.
300 _a98 p.
500 _aBibliography p. 97-98
650 _aPlanta Corante
650 _aTaxonomia Vegetal
650 _aReceita
909 _a202309
_bLucia
_c55
_dLucia Elande
942 _cBK
999 _c60355
_d60355